000 00939cam a22003017a 4500
003 CHAP
005 20220329140710.0
008 971013s1958 r 00010 d
010 _a56248
011 _a57220
035 _a61374
040 _cCHAP
090 _aFolleto 1487
100 0 0 _aShoenfeld, Samuel.
_9105731
245 1 3 _aEl azúcar a través de los tiempos
_b: hasta 1948
260 _aMéxico, D.F. :
_bInstituto para el Mejoramiento de la Producción de Azúcar,
_c1958
300 _a31 h.
500 _aMimeógrafo
590 _aBATCH-UPD
_b10
_c20130110
_lUCH01
_h0718
590 _aBATCH-UPD
_b10
_c20130410
_lUCH01
_h0403
590 _aBATCH-UPD
_b10
_c20130914
_lUCH01
_h0510
590 _aCONVERSION
_b10
_c20130109
_lUCH01
_h1330
650 1 4 _aAzúcar
_xAspectos económicos.
_99135
650 1 4 _aAzúcar
_xHistoria.
_99157
901 _aBK
942 _cFOLL
949 _aFolleto 1487
_bBC
_cFOLL
_d-131870
_eTS1
_i61374
_si
999 _c56248
_d56248